书目信息 |
| 题名: |
韩非子经典选读
|
|
| 作者: | 王兆麟 编著 | |
| 分册: | ||
| 出版信息: | 北京 中国文联出版社 2005 |
|
| 页数: | 370页 | |
| 开本: | 20cm | |
| 丛书名: | ||
| 单 册: | ||
| 中图分类: | B226.5 | |
| 科图分类: | ||
| 主题词: | 法家 | |
| 电子资源: | ||
| ISBN: | 7-5059-5057-6 | |
| 000 | 00850nam0 2200253 45 | |
| 001 | 012005606001 | |
| 005 | 20070113094700.90 | |
| 010 | @a7-5059-5057-6@dCNY20.00 | |
| 092 | @aCN@b475902 | |
| 100 | @a20051025d2005 em y0chiy0120 ea | |
| 101 | 0 | @achi |
| 102 | @aCN@b110000 | |
| 105 | @ay z 000yy | |
| 200 | 1 | @a韩非子经典选读@9han fei zi jing dian xuan dou@f王兆麟编著 |
| 210 | @a北京@c中国文联出版社@d2005 | |
| 215 | @a370页@d20cm | |
| 314 | @a王兆麟,淮阴师范学院退休教师,副教授,曾在《语文学习》,《语文知识》,《中国语文》等。 | |
| 330 | @a本书分别介绍了以道为常,以法为本,因道全法,治国之大体,人主不可失势则治,背法去势则乱,不死之药,中行王子出亡等。 | |
| 600 | 0 | @a韩非子@x注释 |
| 606 | 0 | @a法家 |
| 690 | @aB226.5@v4 | |
| 701 | 0 | @a王兆麟@9wang zhao lin@4编著 |
| 801 | 0 | @aCN@bLZJBOOK@c20070113 |
| 905 | @a10447@dB226.5@e302 | |
| 韩非子经典选读/王兆麟编著.-北京:中国文联出版社,2005 |
| 370页;20cm |
| ISBN 7-5059-5057-6:CNY20.00 |
| 本书分别介绍了以道为常,以法为本,因道全法,治国之大体,人主不可失势则治,背法去势则乱,不死之药,中行王子出亡等。 |
| ● |
| 相关链接 |
|
|
|
|
正题名:韩非子经典选读
索取号:B226.5/302
 
预约/预借
| 序号 | 登录号 | 条形码 | 馆藏地/架位号 | 状态 | 备注 |
| 1 | 0562709 | 205627099 | 第一样本阅览室/ [索取号:B226.5/302] | 在馆 | |
| 2 | 0562710 | 205627106 | 第一借阅区/ [索取号:B226.5/302] | 在馆 | |
| 3 | 0562711 | 205627115 | 第一借阅区/ [索取号:B226.5/302] | 在馆 | |
| 4 | 0562712 | 205627124 | 第一借阅区/ [索取号:B226.5/302] | 在馆 | |
| 5 | 0562713 | 205627133 | 教育系资料室/ [索取号:B226.5/302] | 在馆 | |
| 6 | 0562714 | 205627142 | 第一借阅区/ [索取号:B226.5/302] | 在馆 | |
| 7 | 0562715 | 205627151 | 教育系资料室/ [索取号:B226.5/302] | 在馆 | |
| 8 | 0562716 | 205627160 | 教育系资料室/ [索取号:B226.5/302] | 在馆 |